| 000 | 01895cam a22004814i 4500 | ||
|---|---|---|---|
| 003 | PE-LiUPU | ||
| 005 | 20260330171628.0 | ||
| 008 | 150625s1999 sp rb 000 0 spa d | ||
| 020 | _a8481643106 | ||
| 035 | _a(Sirsi) i9788481643107 | ||
| 040 |
_aPE-LiUPU _bspa _cPE-LiUPU _erda |
||
| 049 | _aPRUA | ||
| 082 | 0 | 4 |
_a296.09012 _bA45 _221 |
| 100 | 1 |
_aAlbertz, Rainer, _eautor. |
|
| 245 | 1 | 0 |
_aHistoria de la religión de Israel en tiempos del Antiguo Testamento : _bdesde el exilio hasta la época de los macabeos. _n2 / _cRainer Albertz. |
| 264 | 1 |
_aMadrid : _bTrotta, _c1999. |
|
| 300 |
_a912 páginas ; _c22 centímetros |
||
| 336 |
_atext _2rdacontent |
||
| 337 |
_aunmediated _2rdamedia |
||
| 338 |
_avolume _2rdacarrier |
||
| 490 | 0 |
_aBiblioteca de Ciencias Biblicas y Orientales ; _v1:2 |
|
| 504 | _aIncluye referencias bibliográficas al pié de algunas páginas. | ||
| 505 | 0 | _aHistoria de la religión en la época del destierro -- Historia de la religión en la época postexílica -- perspectiva de la historia de la religión en el periódo helenístico. | |
| 526 | _aSEG42 | ||
| 526 | _aSEG41 | ||
| 526 | _aSEG40 | ||
| 526 | _aSEG39 | ||
| 526 | _aP94 | ||
| 526 | _aP87 | ||
| 526 | _aP86 | ||
| 526 | _aP85 | ||
| 526 | _aP77 | ||
| 526 | _aP76 | ||
| 526 | _aP35 | ||
| 541 | _g007-0017629; | ||
| 650 | 0 | 4 |
_aJudaísmo _xHistoria _yHasta 70 d.C. |
| 650 | 0 | 0 |
_aJudios _xHistoria _yHasta 70 d.C _92031 |
| 942 |
_2ddc _cBOOK |
||
| 949 |
_a296.09012 A45 2 _wDEWEY _c1 _i55905 _lCCODEBUL1 _mBUL _r0 _sY _tBOOK _u2015-6-25 _xTEOLOGIA _zUNKNOWN _0COMPRA _o.STAFF. Colección Teología |
||
| 994 |
_aC0 _bPEPRU |
||
| 596 | _a1 | ||
| 999 |
_a296.09012 A45 2 _wDEWEY _c44743 _i55905 _d44743 _e2017-9-24 _f2021-11-11 _g5 _lCCODEBUL1 _mBUL _n1 _p30.00 _q3 _r0 _sY _tBOOK _u2015-6-25 _xTEOLOGIA _PP35 _0COMPRA _o.STAFF. Colección Teología |
||
| 980 |
_818226 _gJaime Vilcazán Jefe de Análisis Documental |
||